[Event "43. Olimpiada Batumi 2018 Femenina"]
[Site "Batumi GEO"]
[Date "2018.09.28"]
[Round "5.4"]
[White "Stoeri, Laura"]
[Black "Perminaite, Guoda"]
[Result "1-0"]
[WhiteElo "2118"]
[BlackElo "1840"]
[PlyCount "137"]
[EventDate "2018.09.24"]
[EventType "team-swiss"]
[EventRounds "11"]
[EventCountry "GEO"]
[SourceTitle "Ajedrez en Madrid"]
[Source "lmi"]
[SourceDate "2018.09.24"]
[WhiteTeam "Switzerland"]
[BlackTeam "Lithuania"]
[WhiteTeamCountry "SUI"]
[BlackTeamCountry "LTU"]

1. e4 e5 2. Nf3 Nc6 3. Nc3 Nf6 4. Bb5 Bb4 5. O-O O-O 6. Bxc6 dxc6 7. d3 Re8 8.
Ne2 h6 9. Ng3 Bf8 10. h3 c5 11. b3 b6 12. Qe2 Nh7 13. Nh2 Bd6 14. Ng4 Be6 15.
Bb2 Qg5 16. Ne3 g6 17. Qe1 h5 18. Kh1 Bd7 19. a4 a5 20. Nc4 Qe7 21. Ne2 f6 22.
f4 Rf8 23. Qg3 Qg7 24. fxe5 fxe5 25. Bxe5 Bxe5 26. Nxe5 g5 27. Nxd7 Qxd7 28.
Qe3 Qe6 29. Ng3 h4 30. Nf5 Rae8 31. Rae1 Qe5 32. Qf3 Nf6 33. Qe3 Nh7 34. Rf2
Rf6 35. Qe2 Ref8 36. Ref1 c6 37. Qg4 Kh8 38. Qh5 Qe6 39. Rf3 b5 40. Ne3 Rxf3
41. Rxf3 Rxf3 42. Qxf3 Kg7 43. Nf5+ Kg6 44. Qg4 Kf6 45. Qh5 Qd7 46. Ne3 Ke5 47.
axb5 cxb5 48. Nd5 a4 49. bxa4 bxa4 50. Qd1 Kd6 51. Qa1 Qa7 52. Ne3 Kc6 53. Nc4
Kb5 54. Qb2+ Kc6 55. Qc3 Kb5 56. Na3+ Kc6 57. d4 Qb6 58. d5+ Kb7 59. Qg7+ Qc7
60. Qg6 Qd7 61. Nc4 Nf8 62. Qb6+ Ka8 63. Qxc5 Qf7 64. Qa5+ Kb8 65. Qb5+ Ka8 66.
Qxa4+ Kb8 67. Qb5+ Ka7 68. Na5 Qg7 69. Nc6+ 1-0

[Event "43. Olimpiada Batumi 2018 Femenina"]
[Site "Batumi GEO"]
[Date "2018.09.28"]
[Round "5.1"]
[White "Ordaz Valdes, Lisandra Teresa"]
[Black "Narva, Mai"]
[Result "1/2-1/2"]
[WhiteElo "2415"]
[BlackElo "2320"]
[PlyCount "88"]
[EventDate "2018.09.24"]
[EventType "team-swiss"]
[EventRounds "11"]
[EventCountry "GEO"]
[SourceTitle "Ajedrez en Madrid"]
[Source "lmi"]
[SourceDate "2018.09.24"]
[WhiteTeam "Cuba"]
[BlackTeam "Estonia"]
[WhiteTeamCountry "CUB"]
[BlackTeamCountry "EST"]

1. d4 Nf6 2. c4 e6 3. Nf3 Bb4+ 4. Bd2 Qe7 5. g3 Bxd2+ 6. Qxd2 Nc6 7. b3 Ne4 8.
Qd3 d5 9. Bg2 Nb4 10. Qd1 c5 11. O-O dxc4 12. bxc4 cxd4 13. Nxd4 Nf6 14. Qa4+
Bd7 15. Qb3 e5 16. Nb5 Bc6 17. N1c3 O-O 18. Rab1 Na6 19. Nd5 Nxd5 20. cxd5 Bxb5
21. Qxb5 Nc5 22. Rfd1 Qd6 23. e4 f5 24. exf5 Rxf5 25. Rbc1 b6 26. a4 e4 27. a5
Raf8 28. axb6 axb6 29. Qc6 R5f6 30. Qxd6 Rxd6 31. Rc4 Rf5 32. Bxe4 Nxe4 33.
Rxe4 Rfxd5 34. Rxd5 Rxd5 35. Re8+ Kf7 36. Rb8 Rd6 37. Rb7+ Kf6 38. Kg2 h6 39.
h4 g5 40. hxg5+ hxg5 41. Kf3 Kf5 42. Rf7+ Kg6 43. Rb7 Kf5 44. Rf7+ Kg6 1/2-1/2

[Event "43. Olimpiada Batumi 2018 Femenina"]
[Site "Batumi GEO"]
[Date "2018.09.28"]
[Round "5.2"]
[White "Olde, Margareth"]
[Black "Arribas Robaina, Maritza"]
[Result "0-1"]
[WhiteElo "2158"]
[BlackElo "2243"]
[PlyCount "88"]
[EventDate "2018.09.24"]
[EventType "team-swiss"]
[EventRounds "11"]
[EventCountry "GEO"]
[SourceTitle "Ajedrez en Madrid"]
[Source "lmi"]
[SourceDate "2018.09.24"]
[WhiteTeam "Estonia"]
[BlackTeam "Cuba"]
[WhiteTeamCountry "EST"]
[BlackTeamCountry "CUB"]

1. Nf3 d6 2. d4 g6 3. c4 Bg7 4. Nc3 Nf6 5. e4 O-O 6. h3 Nc6 7. Be3 e5 8. d5 Ne7
9. Be2 a5 10. Qd2 Nxe4 11. Nxe4 f5 12. Nfg5 f4 13. Bc5 h6 14. Ba3 hxg5 15. Nxg5
Nf5 16. Ne4 b6 17. Bf3 Nd4 18. b3 Bf5 19. Bb2 Qh4 20. Qd3 Rae8 21. O-O-O Nxf3
22. Qxf3 a4 23. b4 a3 24. Bc3 Bxe4 25. Qxe4 Qxf2 26. Bd2 Qd4 27. Qxd4 exd4 28.
Rhf1 Re2 29. Rf3 Rxg2 30. Rdf1 Rg3 31. h4 Be5 32. Kc2 Kg7 33. Kb3 Rxf3+ 34.
Rxf3 Kh6 35. Kxa3 Kh5 36. Be1 Kg4 37. Rf1 f3 38. Rg1+ Kf5 39. Bf2 Ke4 40. Kb3
Kd3 41. Re1 Bf4 42. Rb1 Be3 43. Bg3 f2 44. Rf1 Ke2 0-1

[Event "43. Olimpiada Batumi 2018 Femenina"]
[Site "Batumi GEO"]
[Date "2018.09.28"]
[Round "5.3"]
[White "Llaudy Pupo, Lisandra"]
[Black "Tsiganova, Monika"]
[Result "1-0"]
[WhiteElo "2294"]
[BlackElo "2102"]
[PlyCount "87"]
[EventDate "2018.09.24"]
[EventType "team-swiss"]
[EventRounds "11"]
[EventCountry "GEO"]
[SourceTitle "Ajedrez en Madrid"]
[Source "lmi"]
[SourceDate "2018.09.24"]
[WhiteTeam "Cuba"]
[BlackTeam "Estonia"]
[WhiteTeamCountry "CUB"]
[BlackTeamCountry "EST"]

1. e4 c5 2. Nf3 d6 3. d4 cxd4 4. Nxd4 Nf6 5. Nc3 a6 6. Be2 e5 7. Nb3 Be6 8. O-O
Be7 9. Be3 O-O 10. Qd2 Nbd7 11. a4 Rc8 12. Rfd1 Re8 13. a5 h6 14. f3 Qc7 15.
Qe1 Qc6 16. Qd2 Red8 17. Rac1 Qc7 18. Nd5 Nxd5 19. exd5 Bf5 20. c4 Bg6 21. Na1
Bg5 22. Bxg5 hxg5 23. b4 b6 24. Nb3 g4 25. fxg4 bxa5 26. Nxa5 Qb6+ 27. Kh1 Nf6
28. Bf3 e4 29. Be2 Re8 30. Nc6 Qf2 31. Rf1 e3 32. Qe1 Qxe1 33. Rfxe1 Ne4 34.
Kg1 f6 35. Bd3 Kf7 36. Rxe3 Nd2 37. Bxg6+ Kxg6 38. Ne7+ Kg5 39. Nxc8 Rxe3 40.
Nxd6 Nb3 41. Rd1 Kxg4 42. c5 Rc3 43. Ne8 a5 44. d6 1-0

[Event "43. Olimpiada Batumi 2018 Femenina"]
[Site "Batumi GEO"]
[Date "2018.09.28"]
[Round "5.4"]
[White "Narva, Triin"]
[Black "Miranda Llanes, Yerisbel"]
[Result "0-1"]
[WhiteElo "2113"]
[BlackElo "2239"]
[PlyCount "116"]
[EventDate "2018.09.24"]
[EventType "team-swiss"]
[EventRounds "11"]
[EventCountry "GEO"]
[SourceTitle "Ajedrez en Madrid"]
[Source "lmi"]
[SourceDate "2018.09.24"]
[WhiteTeam "Estonia"]
[BlackTeam "Cuba"]
[WhiteTeamCountry "EST"]
[BlackTeamCountry "CUB"]

1. e4 e5 2. Nf3 Nc6 3. Nc3 Nf6 4. g3 Bc5 5. Bg2 a6 6. O-O d6 7. d3 h6 8. h3 O-O
9. Be3 Ba7 10. Bxa7 Rxa7 11. d4 Ra8 12. Qd2 b5 13. Rad1 Bb7 14. dxe5 Nxe5 15.
Nxe5 dxe5 16. Qe3 Qe7 17. Nd5 Bxd5 18. exd5 Qd6 19. c3 Rfe8 20. Rfe1 Rad8 21.
b3 Nd7 22. g4 Nc5 23. Re2 f6 24. b4 Nd7 25. Be4 Nf8 26. Qd3 Qe7 27. Qe3 Ne6 28.
Bc2 Nf4 29. Red2 Rd6 30. Kh2 Red8 31. Rd4 Kf8 32. Rxf4 exf4 33. Qxf4 Rxd5 34.
Rxd5 Rxd5 35. Qf3 Qd6+ 36. Kg2 Re5 37. Bb3 h5 38. Qa8+ Re8 39. Qf3 Qe5 40. Bd5
hxg4 41. hxg4 Ke7 42. Bc6 Rh8 43. Qd1 Qd6 44. Qe2+ Kf7 45. Qe4 Qe5 46. f4 Qxe4+
47. Bxe4 Rd8 48. Kf3 Ke6 49. Ke3 Rd1 50. Bc2 Re1+ 51. Kd4 Kd6 52. a4 Rc1 53.
Bb3 Rg1 54. axb5 axb5 55. c4 Rxg4 56. c5+ Kd7 57. Kd5 c6+ 58. Ke4 g5 0-1

[Event "43. Olimpiada Batumi 2018 Femenina"]
[Site "Batumi GEO"]
[Date "2018.09.28"]
[Round "5.1"]
[White "Aghabekian, Liana"]
[Black "Sihite, Chelsie Monica Igne"]
[Result "1-0"]
[WhiteElo "2188"]
[BlackElo "2244"]
[PlyCount "169"]
[EventDate "2018.09.24"]
[EventType "team-swiss"]
[EventRounds "11"]
[EventCountry "GEO"]
[SourceTitle "Ajedrez en Madrid"]
[Source "lmi"]
[SourceDate "2018.09.24"]
[WhiteTeam "Luxembourg"]
[BlackTeam "Indonesia"]
[WhiteTeamCountry "LUX"]
[BlackTeamCountry "INA"]

1. e4 e5 2. Nf3 Nc6 3. Bc4 Bc5 4. c3 Nf6 5. d3 a6 6. Bb3 Ba7 7. Nbd2 d6 8. h3
Ne7 9. Nf1 Ng6 10. Ng3 O-O 11. O-O Be6 12. Nh2 c6 13. Ng4 Nxg4 14. hxg4 d5 15.
Qf3 a5 16. Bc2 b5 17. Nf5 a4 18. a3 Bb6 19. g3 Ra7 20. Kg2 f6 21. Rh1 dxe4 22.
dxe4 Rd7 23. g5 Rd2 24. Bxd2 Qxd2 25. Rac1 Qxg5 26. Rcd1 Bc4 27. Kh2 Bc5 28.
Rd7 Rf7 29. Rxf7 Bxf7 30. Rd1 Nf8 31. Qe2 Be6 32. Bb1 Bxf2 33. Rd8 Bc5 34. Kg2
h5 35. Qd2 Qg4 36. Qd1 Qg5 37. Qd2 Qg4 38. Qd1 Qg5 39. Qd2 Qg6 40. Rb8 Qf7 41.
Qd8 Bxf5 42. exf5 h4 43. Be4 Qh5 44. Bxc6 Qe2+ 45. Kh3 Qf1+ 46. Kxh4 Qxf5 47.
Qc8 Qg5+ 48. Kh3 Qh6+ 49. Kg2 Qd2+ 50. Kh1 Qe1+ 51. Kh2 Qf2+ 52. Bg2 e4 53.
Qe6+ Kh8 54. Qxe4 Bd6 55. Qh4+ Kg8 56. Rd8 g5 57. Qg4 Bc5 58. Qf3 Qg1+ 59. Kh3
Be7 60. Re8 Kf7 61. Qh5+ Ng6 62. Rxe7+ Kxe7 63. Qxg6 Qf2 64. Qe4+ Kf7 65. Qd5+
Kg7 66. Qxb5 Qg1 67. Qd7+ Kh6 68. Qf5 Kg7 69. c4 Qd4 70. c5 Qxb2 71. c6 Qc1 72.
Be4 g4+ 73. Qxg4+ Kf8 74. Qc8+ Kg7 75. Qd7+ Kf8 76. Qd8+ Kf7 77. Bd5+ Kg6 78.
Qg8+ Kh6 79. Be4 f5 80. Qe6+ Kg7 81. Qxf5 Qg1 82. c7 Qc1 83. c8=Q Qh6+ 84. Kg4
Qf4+ 85. Kxf4 1-0

[Event "43. Olimpiada Batumi 2018 Femenina"]
[Site "Batumi GEO"]
[Date "2018.09.28"]
[Round "5.2"]
[White "Fisabilillah, Ummi"]
[Black "Steil-Antoni, Fiona"]
[Result "0-1"]
[WhiteElo "2227"]
[BlackElo "2143"]
[PlyCount "106"]
[EventDate "2018.09.24"]
[EventType "team-swiss"]
[EventRounds "11"]
[EventCountry "GEO"]
[SourceTitle "Ajedrez en Madrid"]
[Source "lmi"]
[SourceDate "2018.09.24"]
[WhiteTeam "Indonesia"]
[BlackTeam "Luxembourg"]
[WhiteTeamCountry "INA"]
[BlackTeamCountry "LUX"]

1. e4 c6 2. d4 d5 3. Nc3 dxe4 4. Nxe4 Nf6 5. Nxf6+ exf6 6. Nf3 Bd6 7. Bd3 O-O
8. O-O Re8 9. h3 Nd7 10. Be3 Nf8 11. c3 Ng6 12. Qc2 Be6 13. Bf5 Qa5 14. Bxe6
Rxe6 15. Qb3 Rae8 16. Rfd1 Qh5 17. Re1 b6 18. Rad1 Bf4 19. c4 Bxe3 20. fxe3 Qh6
21. d5 Rxe3 22. dxc6 Rxe1+ 23. Nxe1 Qf4 24. Nd3 Qg3 25. Nf2 Qc7 26. Qb5 Re6 27.
b3 Rxc6 28. Ne4 h6 29. Qd5 Nf8 30. Nd6 Rc5 31. Qd3 Re5 32. Nb5 Qe7 33. Rd2 g6
34. Kh2 a6 35. Nc3 Re3 36. Qd4 Qc7+ 37. Qd6 Qxd6+ 38. Rxd6 Rxc3 39. Rxb6 a5 40.
Ra6 Ne6 41. Rxa5 h5 42. Rb5 h4 43. a4 Rc2 44. a5 Kg7 45. Rb6 Nf4 46. a6 g5 47.
c5 Rxc5 48. b4 Rc1 49. a7 Ra1 50. Rb7 Nh5 51. g4 hxg3+ 52. Kg2 Ra2+ 53. Kg1 Nf4
0-1

[Event "43. Olimpiada Batumi 2018 Femenina"]
[Site "Batumi GEO"]
[Date "2018.09.28"]
[Round "5.3"]
[White "Bakalarz, Grazyna"]
[Black "Nur Abidah, Shanti"]
[Result "1/2-1/2"]
[WhiteElo "1849"]
[BlackElo "2152"]
[PlyCount "120"]
[EventDate "2018.09.24"]
[EventType "team-swiss"]
[EventRounds "11"]
[EventCountry "GEO"]
[SourceTitle "Ajedrez en Madrid"]
[Source "lmi"]
[SourceDate "2018.09.24"]
[WhiteTeam "Luxembourg"]
[BlackTeam "Indonesia"]
[WhiteTeamCountry "LUX"]
[BlackTeamCountry "INA"]

1. d4 d5 2. c4 e6 3. Nf3 Nf6 4. Nc3 Nbd7 5. cxd5 exd5 6. Bg5 c6 7. e3 Be7 8.
Bd3 O-O 9. Qc2 h6 10. Bh4 Re8 11. O-O Ne4 12. Bxe7 Qxe7 13. Rab1 Nxc3 14. Qxc3
Nf6 15. b4 a6 16. a4 Bd7 17. Rfc1 Rec8 18. Ne5 Ne8 19. h3 Nd6 20. Qc5 Be8 21.
Qb6 g6 22. Rc3 Rcb8 23. Rcb3 Kg7 24. Qc5 Qe6 25. Qc3 f6 26. Nf3 Rc8 27. R3b2 g5
28. Qb3 Bg6 29. Bxg6 Kxg6 30. Qd3+ Kg7 31. Nd2 h5 32. Re1 Re8 33. Nf1 h4 34.
Rbe2 Qd7 35. Nh2 a5 36. Rb1 b5 37. axb5 cxb5 38. bxa5 Rxa5 39. Ng4 Qc6 40. Rc2
Nc4 41. Qf5 Qe6 42. Qd3 Rea8 43. Rcc1 Ra3 44. Qd1 Rb8 45. Rb4 Ra2 46. Qd3 Qd6
47. Qb1 Ra5 48. Qb3 Ra3 49. Qb1 Ra5 50. Qb3 Qd7 51. e4 Nd2 52. Qxd5 Qxd5 53.
exd5 Rd8 54. Ne3 Kg6 55. f3 Nc4 56. Nxc4 bxc4 57. Rcxc4 Rdxd5 58. Rc6 Ra1+ 59.
Kf2 Ra2+ 60. Kf1 Ra1+ 1/2-1/2

[Event "43. Olimpiada Batumi 2018 Femenina"]
[Site "Batumi GEO"]
[Date "2018.09.28"]
[Round "5.4"]
[White "Anisa, Aay Aisyah"]
[Black "Blond Hanten, Elsa"]
[Result "1-0"]
[WhiteElo "1968"]
[BlackElo "1635"]
[PlyCount "47"]
[EventDate "2018.09.24"]
[EventType "team-swiss"]
[EventRounds "11"]
[EventCountry "GEO"]
[SourceTitle "Ajedrez en Madrid"]
[Source "lmi"]
[SourceDate "2018.09.24"]
[WhiteTeam "Indonesia"]
[BlackTeam "Luxembourg"]
[WhiteTeamCountry "INA"]
[BlackTeamCountry "LUX"]

1. e4 e5 2. d4 exd4 3. Qxd4 Nc6 4. Qe3 Nf6 5. Nc3 Bb4 6. Bd2 O-O 7. O-O-O Re8
8. Qg3 Ne5 9. f3 c6 10. h4 b5 11. h5 d6 12. Nge2 a5 13. Bh6 g6 14. Bg5 Qe7 15.
Nf4 Bxc3 16. bxc3 b4 17. cxb4 axb4 18. Qh4 Ned7 19. hxg6 fxg6 20. Bc4+ d5 21.
Nxd5 cxd5 22. Rxd5 Kg7 23. Qh6+ Kh8 24. Rxd7 1-0

[Event "43. Olimpiada Batumi 2018 Femenina"]
[Site "Batumi GEO"]
[Date "2018.09.28"]
[Round "5.1"]
[White "Unuk, Laura"]
[Black "Cori T., Deysi"]
[Result "0-1"]
[WhiteElo "2299"]
[BlackElo "2391"]
[PlyCount "130"]
[EventDate "2018.09.24"]
[EventType "team-swiss"]
[EventRounds "11"]
[EventCountry "GEO"]
[SourceTitle "Ajedrez en Madrid"]
[Source "lmi"]
[SourceDate "2018.09.24"]
[WhiteTeam "Slovenia"]
[BlackTeam "Peru"]
[WhiteTeamCountry "SLO"]
[BlackTeamCountry "PER"]

1. c4 Nf6 2. Nc3 g6 3. e4 d6 4. d4 Bg7 5. Nf3 O-O 6. Be2 c5 7. O-O cxd4 8. Nxd4
Nc6 9. Be3 a6 10. f3 Nd7 11. Nc2 b6 12. Qd2 Re8 13. Rab1 Bb7 14. Rfd1 Rc8 15.
Nd5 Nce5 16. Na3 f5 17. exf5 gxf5 18. Nf4 Nf8 19. Nh5 Bh8 20. Ng3 Qd7 21. Bxb6
Neg6 22. Bf2 Be5 23. Nc2 e6 24. Bd4 Qe7 25. b3 Nf4 26. Bf1 Qg5 27. Ne1 N8g6 28.
Bxe5 dxe5 29. Qb4 Re7 30. Rd6 h5 31. Qb6 e4 32. Kf2 h4 33. Ne2 exf3 34. Nxf3
Bxf3 35. gxf3 Nxe2 36. Kxe2 Qf4 37. h3 Qh2+ 38. Kd1 Qxa2 39. Kc1 Rce8 40. Rd2
Qa3+ 41. Kc2 Kf7 42. Rdd1 Qa2+ 43. Rb2 Qa3 44. Kc3 Rc8 45. Rbb1 Nf4 46. Qd6
Qxd6 47. Rxd6 a5 48. Ra6 Rc5 49. Kd4 Rec7 50. Re1 Kf6 51. Ra1 Re5 52. Rd6 Rb7
53. Rd8 Ne2+ 54. Bxe2 Rxe2 55. Rh8 Kg5 56. Rg1+ Kf4 57. Rxh4+ Kxf3 58. Rf1+ Kg2
59. Ra1 Rxb3 60. Rxa5 Kg3 61. Rh6 Re4+ 62. Kc5 Re5+ 63. Kd6 Rxa5 64. c5 Rd3+
65. Kc6 Rc3 0-1

[Event "43. Olimpiada Batumi 2018 Femenina"]
[Site "Batumi GEO"]
[Date "2018.09.28"]
[Round "5.2"]
[White "Paredes Bustamante, Paula Elizab"]
[Black "Janzelj, Lara"]
[Result "1-0"]
[WhiteElo "2151"]
[BlackElo "2254"]
[PlyCount "145"]
[EventDate "2018.09.24"]
[EventType "team-swiss"]
[EventRounds "11"]
[EventCountry "GEO"]
[SourceTitle "Ajedrez en Madrid"]
[Source "lmi"]
[SourceDate "2018.09.24"]
[WhiteTeam "Peru"]
[BlackTeam "Slovenia"]
[WhiteTeamCountry "PER"]
[BlackTeamCountry "SLO"]

1. e4 e5 2. Nf3 Nc6 3. Bc4 Bc5 4. c3 Nf6 5. d4 exd4 6. cxd4 Bb4+ 7. Bd2 Bxd2+
8. Nbxd2 d5 9. exd5 Nxd5 10. O-O O-O 11. Nb3 Bg4 12. Rc1 Nce7 13. Qd3 Bf5 14.
Qd2 c6 15. Nc5 Qc7 16. b4 Rad8 17. h3 Nf4 18. Rfe1 Ned5 19. Re5 Bc8 20. b5 Qd6
21. Bxd5 Nxd5 22. bxc6 bxc6 23. Ne4 Qc7 24. Nc3 Ne7 25. Rc5 Bf5 26. Re1 Bg6 27.
Qe2 Nd5 28. Qc4 Nb6 29. Rxc6 Qb7 30. Qc5 Rc8 31. d5 Rfd8 32. Re7 Qb8 33. d6 f6
34. Rcc7 Kh8 35. Rxg7 Rg8 36. Rge7 Rxc7 37. Qxc7 Qf8 38. Qb7 Qh6 39. Ne2 Nc8
40. Re3 Nxd6 41. Qa6 Qf8 42. Re6 Ne4 43. Qxa7 Bf5 44. Re7 Qh6 45. Kh2 Qg6 46.
Nf4 Qh6 47. g3 Ng5 48. Nxg5 Qxg5 49. Qd4 Rf8 50. a4 Bc8 51. Ne6 Bxe6 52. Rxe6
Qf5 53. Rd6 h5 54. Rd5 Qf3 55. Qc5 Kg7 56. Rxh5 Kg6 57. Rh6+ Kg7 58. Qe7+ Rf7
59. Rh7+ Kxh7 60. Qxf7+ Kh6 61. Qf8+ Kh7 62. Qc5 Qe2 63. a5 Kg6 64. Qb6 Qa2 65.
a6 Kh5 66. a7 Kg6 67. Qc5 Qa6 68. Qc2+ Kh6 69. Qc1+ Kh5 70. g4+ Kg6 71. Qb1+
Kg5 72. Qb8 Qe2 73. a8=Q 1-0

[Event "43. Olimpiada Batumi 2018 Femenina"]
[Site "Batumi GEO"]
[Date "2018.09.28"]
[Round "5.3"]
[White "Krivec, Jana"]
[Black "Zarate Oyague, Flor De Maria"]
[Result "1-0"]
[WhiteElo "2185"]
[BlackElo "2039"]
[PlyCount "49"]
[EventDate "2018.09.24"]
[EventType "team-swiss"]
[EventRounds "11"]
[EventCountry "GEO"]
[SourceTitle "Ajedrez en Madrid"]
[Source "lmi"]
[SourceDate "2018.09.24"]
[WhiteTeam "Slovenia"]
[BlackTeam "Peru"]
[WhiteTeamCountry "SLO"]
[BlackTeamCountry "PER"]

1. e4 c5 2. Nc3 d6 3. f4 g6 4. Nf3 Bg7 5. Bb5+ Bd7 6. O-O Nc6 7. d3 e6 8. Bxc6
Bxc6 9. f5 Nf6 10. Qe1 e5 11. Qh4 Qe7 12. a3 O-O-O 13. b4 gxf5 14. b5 fxe4 15.
dxe4 Bd7 16. Bg5 Qe6 17. Nd2 Ng4 18. Bxd8 Rxd8 19. b6 a6 20. Nd5 Bh6 21. Ne7+
Kb8 22. Nc6+ Bxc6 23. Qxd8+ Qc8 24. Qxd6+ Ka8 25. Rxf7 1-0

[Event "43. Olimpiada Batumi 2018 Femenina"]
[Site "Batumi GEO"]
[Date "2018.09.28"]
[Round "5.4"]
[White "Chumpitaz, Ann"]
[Black "Kaps, Darja"]
[Result "1-0"]
[WhiteElo "2222"]
[BlackElo "2148"]
[PlyCount "73"]
[EventDate "2018.09.24"]
[EventType "team-swiss"]
[EventRounds "11"]
[EventCountry "GEO"]
[SourceTitle "Ajedrez en Madrid"]
[Source "lmi"]
[SourceDate "2018.09.24"]
[WhiteTeam "Peru"]
[BlackTeam "Slovenia"]
[WhiteTeamCountry "PER"]
[BlackTeamCountry "SLO"]

1. e4 c5 2. Nf3 e6 3. d4 cxd4 4. Nxd4 Nc6 5. Nc3 Qc7 6. Be3 a6 7. Qf3 Nf6 8.
O-O-O Bb4 9. Nxc6 Bxc3 10. Nd4 Bb4 11. Bf4 Qa5 12. a3 Be7 13. Nb3 Qh5 14. Qe3
e5 15. Bg3 d6 16. Nd2 b5 17. Be2 Bg4 18. f3 Be6 19. Bf2 Nd7 20. h4 f5 21. exf5
Qxf5 22. g4 Qf4 23. Qxf4 exf4 24. Ne4 d5 25. Nc3 O-O 26. Nxd5 Bd8 27. Rhe1 Bxd5
28. Rxd5 Nf6 29. Rd2 Ba5 30. c3 Rfc8 31. Bd1 Kf8 32. g5 Nh5 33. Rd7 Rc7 34.
Rxc7 Bxc7 35. Bc5+ Kg8 36. Re7 Ba5 37. b4 1-0

[Event "43. Olimpiada Batumi 2018 Femenina"]
[Site "Batumi GEO"]
[Date "2018.09.28"]
[Round "5.1"]
[White "Socko, Monika"]
[Black "Exler, Veronika"]
[Result "1-0"]
[WhiteElo "2446"]
[BlackElo "2267"]
[PlyCount "155"]
[EventDate "2018.09.24"]
[EventType "team-swiss"]
[EventRounds "11"]
[EventCountry "GEO"]
[SourceTitle "Ajedrez en Madrid"]
[Source "lmi"]
[SourceDate "2018.09.24"]
[WhiteTeam "Poland"]
[BlackTeam "Austria"]
[WhiteTeamCountry "POL"]
[BlackTeamCountry "AUT"]

1. d4 d5 2. c4 e6 3. Nf3 Nf6 4. g3 Be7 5. Bg2 O-O 6. O-O dxc4 7. Ne5 Nc6 8.
Bxc6 bxc6 9. Nxc6 Qe8 10. Nxe7+ Qxe7 11. Qc2 c5 12. Qxc4 cxd4 13. Qxd4 e5 14.
Qh4 h6 15. Nc3 Bb7 16. e4 Rfe8 17. f3 Qc5+ 18. Kg2 Re6 19. g4 Nd7 20. Qf2 Qe7
21. Be3 Nb6 22. a4 Bc6 23. Rfc1 Rd8 24. b3 Rd3 25. a5 Nc8 26. Nd5 Qb7 27. a6
Qb8 28. Qc2 Rxb3 29. Rab1 Rxb1 30. Rxb1 Qd6 31. Bc5 Qd7 32. Rb8 Re8 33. Qc4 Kh7
34. Rb2 Nd6 35. Qb3 Nxe4 36. fxe4 Qxg4+ 37. Kf2 Qxe4 38. Rd2 Qh4+ 39. Qg3 Qa4
40. Ne7 Qxa6 41. Qxe5 Qc4 42. Bd4 f6 43. Qf5+ Kh8 44. Qc5 Qxc5 45. Bxc5 Bb5 46.
Bb4 a6 47. Rc2 Rd8 48. Rc7 Kh7 49. Nc6 Bxc6 50. Rxc6 Ra8 51. Ba5 Ra7 52. Kf3
Kg6 53. Kf4 Ra8 54. Kg4 Ra7 55. Kf4 Ra8 56. Ke4 Re8+ 57. Kf3 Ra8 58. Rc7 Re8
59. Ra7 Re5 60. Bb4 Rf5+ 61. Kg2 Rg5+ 62. Kh1 Kf5 63. Bf8 g6 64. Bg7 h5 65.
Rxa6 Rg4 66. Rxf6+ Kg5 67. Rf2 Rc4 68. Bf6+ Kh6 69. h4 Rc6 70. Kg2 Kh7 71. Kg3
Kg8 72. Be5 Rc4 73. Rf4 Rc5 74. Rf8+ Kxf8 75. Bd6+ Kf7 76. Bxc5 Kf6 77. Kf4 Kg7
78. Kg5 1-0

[Event "43. Olimpiada Batumi 2018 Femenina"]
[Site "Batumi GEO"]
[Date "2018.09.28"]
[Round "5.2"]
[White "Teuschler, Barbara"]
[Black "Zawadzka, Jolanta"]
[Result "0-1"]
[WhiteElo "2172"]
[BlackElo "2424"]
[PlyCount "64"]
[EventDate "2018.09.24"]
[EventType "team-swiss"]
[EventRounds "11"]
[EventCountry "GEO"]
[SourceTitle "Ajedrez en Madrid"]
[Source "lmi"]
[SourceDate "2018.09.24"]
[WhiteTeam "Austria"]
[BlackTeam "Poland"]
[WhiteTeamCountry "AUT"]
[BlackTeamCountry "POL"]

1. Nf3 d5 2. c4 d4 3. b4 g6 4. Bb2 Bg7 5. e3 e5 6. exd4 e4 7. Ne5 f6 8. Ng4
Bxg4 9. Qxg4 f5 10. Qe2 Nc6 11. a3 Nxd4 12. Bxd4 Qxd4 13. Nc3 O-O-O 14. O-O-O
Nf6 15. h3 f4 16. Kc2 Rhe8 17. Nb5 Qe5 18. Nc3 Nh5 19. Re1 Rd4 20. Kb3 Re6 21.
Qd1 Red6 22. Qc1 a6 23. Rd1 Qe6 24. Be2 f3 25. gxf3 exf3 26. Bxf3 Qxc4+ 27. Kb2
Nf4 28. Qc2 Nd3+ 29. Kb1 Nxf2 30. d3 Rxd3 31. Rxd3 Qxd3 32. Rh2 Qxf3 0-1

[Event "43. Olimpiada Batumi 2018 Femenina"]
[Site "Batumi GEO"]
[Date "2018.09.28"]
[Round "5.3"]
[White "Szczepkowska, Karina"]
[Black "Froewis, Annika"]
[Result "0-1"]
[WhiteElo "2407"]
[BlackElo "2113"]
[PlyCount "98"]
[EventDate "2018.09.24"]
[EventType "team-swiss"]
[EventRounds "11"]
[EventCountry "GEO"]
[SourceTitle "Ajedrez en Madrid"]
[Source "lmi"]
[SourceDate "2018.09.24"]
[WhiteTeam "Poland"]
[BlackTeam "Austria"]
[WhiteTeamCountry "POL"]
[BlackTeamCountry "AUT"]

1. d4 d5 2. c4 e6 3. Nf3 Nf6 4. Bg5 c6 5. e3 h6 6. Bh4 Be7 7. Nc3 O-O 8. Qc2
Nbd7 9. Rd1 b6 10. cxd5 exd5 11. Bd3 Bb7 12. O-O Re8 13. Bf5 Nh5 14. Bxe7 Qxe7
15. Rfe1 g6 16. Bxd7 Qxd7 17. Ne5 Qe6 18. f4 f5 19. Rf1 Kh7 20. Rc1 Nf6 21. Nd1
Rec8 22. Nf2 Rc7 23. g4 Ba6 24. Rfd1 Nxg4 25. Nfxg4 fxg4 26. Rd2 c5 27. Rg2 Qf5
28. Qa4 Bd3 29. Rxg4 Rac8 30. dxc5 bxc5 31. Rg3 Qe4 32. Qd1 c4 33. Qg4 d4 34.
Qf3 Qxf3 35. Rxf3 Be2 36. Rf2 d3 37. Rb1 Rb8 38. Rxe2 dxe2 39. Kf2 c3 40. b3
Rd8 41. Kxe2 Rd2+ 42. Ke1 Rxh2 43. Rd1 c2 44. Rc1 Rc3 45. Ng4 Rg2 46. Nf2 Rg1+
47. Kd2 Rxc1 48. Kxc1 Rxe3 49. Ng4 Rc3 0-1

[Event "43. Olimpiada Batumi 2018 Femenina"]
[Site "Batumi GEO"]
[Date "2018.09.28"]
[Round "5.4"]
[White "Trippold, Denise"]
[Black "Warakomska, Anna"]
[Result "1-0"]
[WhiteElo "2146"]
[BlackElo "2305"]
[PlyCount "103"]
[EventDate "2018.09.24"]
[EventType "team-swiss"]
[EventRounds "11"]
[EventCountry "GEO"]
[SourceTitle "Ajedrez en Madrid"]
[Source "lmi"]
[SourceDate "2018.09.24"]
[WhiteTeam "Austria"]
[BlackTeam "Poland"]
[WhiteTeamCountry "AUT"]
[BlackTeamCountry "POL"]

1. d4 d5 2. c4 e6 3. Nf3 c6 4. g3 dxc4 5. Bg2 b5 6. O-O Bb7 7. Nc3 Nd7 8. e4 h6
9. Bf4 b4 10. Na4 Ngf6 11. Re1 Be7 12. Qc2 Qa5 13. Nd2 Ba6 14. d5 e5 15. dxc6
Nf8 16. Be3 Ne6 17. Bf1 Bb5 18. b3 c3 19. Nc4 Bxc4 20. Bxc4 O-O 21. a3 bxa3 22.
Nxc3 Bb4 23. Rec1 Rfc8 24. Nd5 Ng4 25. Nxb4 Nxe3 26. fxe3 Qxb4 27. Bd5 Rab8 28.
Qc3 Qd6 29. Qa5 Rc7 30. Qxa3 Qxa3 31. Rxa3 Nd8 32. Ra6 Rb6 33. Rxb6 axb6 34. b4
Kf8 35. b5 Ke7 36. Rd1 Ra7 37. Bc4 Rc7 38. Kf2 Ra7 39. Rd2 Ne6 40. Bxe6 fxe6
41. Kf3 Ra5 42. Rd7+ Ke8 43. Rxg7 Kd8 44. Rb7 Rxb5 45. g4 Rb1 46. h4 b5 47. h5
b4 48. g5 b3 49. gxh6 b2 50. Rxb2 Rf1+ 51. Ke2 Rf7 52. Rb7 1-0